000 02242nam a22003137a 4500
999 _c21983
_d21983
003 AR-CdUCM
008 190425b ||||| |||| 00| 0 spa d
040 _aMUNICIPALIDAD PROVINCIAL DEL CUSCO
_cBIBLIOTECA MUNICIPAL DEL CUSCO
082 _aRev.FC/N°2/1968
110 _aUniversidad Nacional de San Antonio Abad del Cuzco
_914483
245 _aRevista de la Facultad de Ciencias /
_cUniversidad Nacional de San Antonio Abad del Cuzco
260 _aCusco.
_bGarcilaso,
_c1968.
300 _a241 páginas. :
_c235 cm.
440 _aRevista de la Facultad de Ciencias.
_nN° 2.1968
_947052
505 _aContenido: Notas acerca de prosopis strombulifera. Cesar Vargas. -- Quirópteros del departamento de Loreto. Ismael Ceballos. -- Contribución al conocimiento de los Gasterópodos de la Region del Cusco. Ángel Flores. -- Apuntes de Neuro-anatomía. Guillermo Maravi. -- El fenómeno de la salida del sol en Tres Cruces. Luis Olazo Olivera. -- Control del gorgojo de los andes en el cultivo de la papa. Gerardo Molleda. -- Una nueva especie de gramínea. Efraín Carrillo. -- Variaciones atmosféricas y comportamiento biológico de los animales del zoológica Pical durante el eclipse solar ultimo. Palomino Vega. --Variaciones atmosféricas y comportamiento biológico de los animales del zoológica Picol durante el eclipse solar ultimo. Palomino Vega. -- Lista preliminar de insectos de departamento de entomología. Francisco Carrasco. -- Carbono ordinario y el carbono 14. Lucio Bueno. -- Entomólogos visitantes. Francisco Carrasco. -- Segunda Reunión latino americana de fisiología vegetal y otras actividades cumplidas en la republica Argentina. Horacio Zamalloa. -- Apuntes sobre los nombres quechuas de los biotipos, formaciones y asociación vegetales. Felipe Marín.
650 _azoología
_947053
650 _aQuechua
_92063
650 _aBiología
_9881
700 _aZamalloa Diaz, Horacio,
_946081
700 _aVargas, Cesar.
_945886
700 _aFlores, Ángel
_931048
700 _aMaravi, Guillermo
_947054
700 _aOlazo Olivera, Luis
_947055
700 _aMolleda, Gerardo
_919319
700 _aCarrillo, Efraín
_947056
700 _aMarín, Felipe
_947057
942 _2ddc
_cPP
945 _arac